| 000 | 01200nam a22002177a 4500 | ||
|---|---|---|---|
| 008 | 091015t xxu||||| |||| 00| 0 eng d | ||
| 020 | _a9780470185315 | ||
| 082 |
_2 22 _a621.395 _bCHU |
||
| 100 | 1 |
_aChu, Pong P. _d1959- _98893 |
|
| 245 |
_aFPGA Prototyping by VHDL Examples : _bXilinx Spartan-3 version / _cPong P. Chu. |
||
| 260 |
_aHoboken, N.J. : _bWiley-Interscience, _cc2008. |
||
| 300 |
_axxv, 440 p. : _bill. ; _c26 cm. |
||
| 504 | _aIncludes bibliographical references and index. | ||
| 650 | 0 |
_aField programmable gate arrays _xDesign and construction. _98894 |
|
| 650 | 0 |
_aPrototypes, Engineering. _98895 |
|
| 650 | 0 |
_aVHDL (Computer hardware description language) _98896 |
|
| 942 |
_2ddc _cBB |
||
| 999 |
_c12796 _d12796 |
||